| 000 | 00858cab a2200205 4500 | ||
|---|---|---|---|
| 001 | ABS39032 | ||
| 008 | 090401t1988 xxu||||| |||| 00| 0 eng d | ||
| 035 | _a(Sirsi) u13921 | ||
| 041 | _aeng | ||
| 100 | _aGray, D.W. | ||
| 245 | _aContractors cost performance on overseas contracts | ||
| 260 | _c1988 | ||
| 350 | _a0 | ||
| 490 |
_aBuilding Technology & Management _v26(2) April/May 1988, 32-33(2) |
||
| 520 | _aExamines an international contractor`s cost prediction techniques and procedures and the resulting cost performance s on a sample of 12 overseas building contracts including comparisons between pre-contract estimates and final out-turn cost and between post-contract estimates and final cost. References. | ||
| 650 | _aBUILT ENVIRONMENT-BUILDING COSTS | ||
| 690 | _aBUILDING AND CONSTRUCTION-OVERSEAS | ||
| 942 | _n0 | ||
| 948 | _c04/03/1997 | ||
| 999 |
_c8994 _d8994 |
||